Spanish phrases for dummies
Traveling to Latin America or Spain but don’t know Spanish? Taking Spanish at school but need to kick up your conversation skills? Don’t worry! This handy little phrasebook will have you speaking Spanish in no time. Discover how to: Get directions, shop, and eat out; Talk numbers, dates, time, and m...
Na minha lista:
| Autor principal: | |
|---|---|
| Formato: | Livro |
| Idioma: | Undetermined |
| Publicado em: |
Hoboken, N.J.
Wiley
2004
|
| Assuntos: | |
| Tags: |
Adicionar Tag
Sem tags, seja o primeiro a adicionar uma tag!
|
| Thư viện lưu trữ: | Trung tâm Học liệu Trường Đại học Cần Thơ |
|---|
| LEADER | 00958nam a2200217Ia 4500 | ||
|---|---|---|---|
| 001 | CTU_162999 | ||
| 008 | 210402s9999 xx 000 0 und d | ||
| 020 | |c 29.99 | ||
| 082 | |a 468.3421 | ||
| 082 | |b W157 | ||
| 100 | |a Wald, Susana | ||
| 245 | 0 | |a Spanish phrases for dummies | |
| 245 | 0 | |c Susana Wald | |
| 260 | |a Hoboken, N.J. | ||
| 260 | |b Wiley | ||
| 260 | |c 2004 | ||
| 520 | |a Traveling to Latin America or Spain but don’t know Spanish? Taking Spanish at school but need to kick up your conversation skills? Don’t worry! This handy little phrasebook will have you speaking Spanish in no time. Discover how to: Get directions, shop, and eat out; Talk numbers, dates, time, and money; Chat about family and work; Discuss sports and the weather; Deal with problems and emergencies. | ||
| 650 | |a Spanish language | ||
| 650 | |x Conversation and phrase books,English | ||
| 904 | |i Giang | ||
| 980 | |a Trung tâm Học liệu Trường Đại học Cần Thơ | ||